000 00328nam a22001457a 4500
008 210303b ||||| |||| 00| 0 eng d
020 _a057080550400159500000010
041 _aeng
080 _a37
082 _a37
100 _a46
101 _aEDU
245 _aCreating Community Anywhere
_cShaffer, C.R
942 _2udc
_cBK
999 _c55635
_d55635